000 01003nam a2200301 i 4500
001 000048971
003 DO-SdBNP
005 20250221091038.0
007 ta
008 190510s2018 dr r 000 0 spa d
020 _a9789945503333
040 _aDO-SdBNP
_bspa
_cBNPHU
_erda
082 4 _axxxx
_bC957g
_222
100 1 _aCruz, Juan de la,
_d1963-
_eautor
_4aut.
_971172
245 1 3 _aLa guerra de la restauración :
_btriunfo del pueblo dominicano en armas /
_cJuan de la Cruz.
260 _aSanto Domingo :
_bNacional,
_c2018.
264 4 _aSanto Domingo :
_bEditora Nacional,
_c©2018.
300 _a332 páginas ;
_c21 cm.
336 _atexto
_btxt
_2rdacontent
337 _asin mediación
_bn
_2rdamedia
338 _avolumen
_bnc
_2rdacarrier
490 1 _aColección Historia
500 _aIncluye datos biográficos del autor en las solapas
586 _aPremio Anual de Historia José Gabriel García 2017.
590 _aInventariado, 2019/BT
910 _aBtavárez
942 _2ddc
_cLBS1
999 _c48459
_d48459